Geografía humana (Registro nro. 3172)

Detalles MARC
000 -LEADER
fixed length control field 01085 a2200205 4500
001 - CONTROL NUMBER
control field 39957
005 - DATE AND TIME OF LATEST TRANSACTION
control field 20260407155656.0
008 - FIXED-LENGTH DATA ELEMENTS--GENERAL INFORMATION
fixed length control field 260407a1943 arg spa d
003 - CONTROL NUMBER IDENTIFIER
control field AR-UNSa-BCEJYS
040 ## - CATALOGING SOURCE
Original cataloging agency AR-UNSa-BCEJYS
Language of cataloging spa
Transcribing agency AR-UNSa-BCEJYS
080 ## - UNIVERSAL DECIMAL CLASSIFICATION NUMBER
Universal Decimal Classification number 911.3
Common auxiliary subdivision Geografía humana. Geografía de los factores culturales
100 1# - MAIN ENTRY--PERSONAL NAME
Personal name Krebs, Norbert
245 10 - TITLE STATEMENT
Title Geografía humana
250 ## - EDITION STATEMENT
Edition statement 2a. ed.
264 #1 - PRODUCTION, PUBLICATION, DISTRIBUTION, MANUFACTURE, AND COPYRIGHT NOTICE
Place of production, publication, distribution, manufacture Barcelona :
Name of producer, publisher, distributor, manufacturer Labor
Date of production, publication, distribution, manufacture, or copyright notice 1943
300 ## - PHYSICAL DESCRIPTION
Extent 230 p.
Dimensions 19 cm.
505 ## - FORMATTED CONTENTS NOTE
Formatted contents note 1. La geografía humana. Campo que abarca - 2. El hombre y el medio - 3. La expansión del hombre en el globo - 4. Las fronteras de la humanidad - 5. Los vacios del ecumene - 6. Las unidades antropogeográficas y sus límites - 12. La vivienda. Su posición y su distribución - 8. La viviednda rural - 9. El tráfico y los centros de intercambio - 10. Forma y evolución de los núcleos urbanos - 11. Número y distribución de ls seres humanos - 12. El movimiento de población - 13. Razas y pueblos - 14. Idiomas y culturas.
590 ## - LOCAL NOTE (RLIN)
Local note niveau_biblio:m niveau_hierar:0
942 ## - ADDED ENTRY ELEMENTS (KOHA)
Koha item type
Existencias
Withdrawn status Lost status Damaged status Not for loan Home library Current library Shelving location Date acquired Total checkouts Full call number Barcode Date last seen Price effective from Koha item type
        Biblioteca Prof. Eusebio Cleto del Rey Biblioteca Prof. Eusebio Cleto del Rey   07/04/2026   911.3 K92 L20379 07/04/2026 07/04/2026 Libro